Name the Spider-Man Movies - Statistics

General Stats
  • This quiz has been taken 288 times
    112 since last reset
  • The average score is 15 of 24
Answer Stats
Year Movie % Correct
2002 Spider-Man
100%
2004 Spider-Man 2
100%
2007 Spider-Man 3
98%
2012 Amazing Spider-Man
93%
2014 Amazing Spider-Man 2
92%
2019 Spider-Man: Far From Home
92%
2017 Spider-Man: Homecoming
91%
2021 Spider-Man: No Way Home
90%
2018 Spider-Man Into the Spider-Verse
81%
2023 Spider-Man: Across the Spider-Verse
77%
2019 Avengers: Endgame
71%
2016 Captain America: Civil War
71%
2018 Avengers: Infinity War
70%
2027 Spider-Man: Beyond the Spider-Verse
51%
2018 Venom
48%
2026 Spider-Man: Brand New Day
47%
2021 Venom: Let There Be Carnage
42%
2026 Avengers: Doomsday
33%
2027 Avengers: Secret Wars
33%
2010 Iron Man 2
33%
2022 Morbius
33%
2024 Madame Web
32%
2024 Venom: The Last Dance
32%
2024 Kraven the Hunter
29%
No matching quizzes found
Score Distribution
Percent of People with Each Score
Percentile by Number Answered
Your Score History
You have not taken this quiz since the last reset